01056nam a2200145Ia 4500008004100000020001500041050002200056100003800078245008700116260002900203300001800232500008300250505052800333650004900861120626s1989 mx 000 0 spa d a8432992283 aLB1028 bB57 1989 aBisquerra Alzina, Rafaéleautor aMétodos de investigación educativab: Guía práctica c/ Rafael, Bisquerra aEspañab: Ceacc, 1989 a316 páginas aIncluye: Indice general, Apéndice, Bibliografía, Indice de figuras, Indice aNaturaleza de la investigación científica Fases del método científico Elementos de teoría científica Clasificación de los métodos de investigación Estudio de las variables Métodos de muestreo Metodología de recogida de datos Estudios descriptivos Investigación experimental La investigación "ex post facto" La estadística en el análisis de datos Meta- análisis Metodología cualitativa Investigación- acción Las conclusiones y el informe de investigación  aEDUCACIÓNvINVESTIGACIÓNxMETODOLOGÍA.